[Event "Terre degli Elimi op 7th"]
[Site "Erice"]
[Date "2016.07.31"]
[Round "4"]
[White "Castelli, Giovanni J"]
[Black "Paulet, Iozefina"]
[Result "0-1"]
[WhiteElo "1958"]
[BlackElo "2249"]
[PlyCount "74"]
[EventDate "2016.07.28"]
[EventType "swiss"]
[EventRounds "9"]
[EventCountry "ITA"]
[SourceTitle "EXT 2017"]
[Source "ChessBase"]
[SourceDate "2016.10.25"]
[SourceVersion "1"]
[SourceVersionDate "2016.10.25"]
[SourceQuality "1"]

1. d4 Nf6 2. Nf3 e6 3. Nbd2 c5 4. e3 Nc6 5. c3 cxd4 6. exd4 d6 7. Bd3 Be7 8. 0-0 0-0 9. Re1 Re8 10. Nf1 h6 11. Ng3 Bf8 12. Qc2 e5 13. h3 exd4 14. Rxe8 Qxe8 15. Nxd4 Nxd4 16. cxd4 Qe1+ 17. Kh2 Bd7 18. Rb1 Qb4 19. Qd2 Qb6 20. b3 d5 21. Kg1 Bb5 22. Bxb5 Qxb5 23. Bb2 Bd6 24. Nf5 Ne4 25. Qe3 Bb4 26. Rd1 Re8 27. Qd3 Qxd3 28. Rxd3 Be1 29. Rf3 Re6 30. Ba3 Ra6 31. Ne7+ Kh7 32. b4 Bxf2+ 33. Kh2 Bxd4 34. b5 Be5+ 35. Kg1 Ra5 36. Nxd5 Rxb5 37. Ne3 Bd4 0-1

[Event "Torino Province-ch"]
[Site "Torino"]
[Date "2015.02.12"]
[Round "3"]
[White "Castelli, Giovanni J"]
[Black "Di Chiara, Mauro"]
[Result "1/2-1/2"]
[WhiteElo "1950"]
[BlackElo "1976"]
[PlyCount "88"]
[EventDate "2015.01.29"]
[EventType "swiss"]
[EventRounds "7"]
[EventCountry "ITA"]
[SourceTitle "EXT 2017"]
[Source "ChessBase"]
[SourceDate "2016.10.25"]
[SourceVersion "1"]
[SourceVersionDate "2016.10.25"]
[SourceQuality "1"]

1. e4 g6 2. d4 Bg7 3. Nc3 d6 4. Be3 a6 5. a4 Nd7 6. Nf3 e5 7. Be2 Ngf6 8. h3 0-0 9. 0-0 exd4 10. Bxd4 b6 11. e5 dxe5 12. Nxe5 Nxe5 13. Bxe5 Bb7 14. Qxd8 Rfxd8 15. Rfd1 Rac8 16. Rxd8+ Rxd8 17. Bxc7 Rd4 18. a5 b5 19. Bd3 Ne8 20. Bg3 Rb4 21. Ra2 Bxc3 22. bxc3 Ra4 23. Rxa4 bxa4 24. Bc4 Nf6 25. Be5 Nd7 26. Bf4 Nc5 27. f3 Bc8 28. Bc1 Bf5 29. Ba3 Nb7 30. Bb4 Bxc2 31. Bxa6 a3 32. Bc4 Nxa5 33. Bxa5 Bb1 34. Bb4 a2 35. Bxa2 Bxa2 36. Be7 f5 37. Kf2 Kf7 38. Bc5 Ke6 39. Ke3 Bc4 40. h4 Bf1 41. g3 Kd5 42. Bd4 Bc4 43. f4 Ke6 44. Bg7 Bb5 1/2-1/2

[Event "Terre degli Elimi op 5th"]
[Site "Erice"]
[Date "2014.07.23"]
[Round "7"]
[White "Castelli, Giovanni J"]
[Black "Bondielli, Giorgio"]
[Result "0-1"]
[WhiteElo "1909"]
[BlackElo "1820"]
[PlyCount "58"]
[EventDate "2014.07.19"]
[EventType "swiss"]
[EventRounds "9"]
[EventCountry "ITA"]
[SourceTitle "CBM 161 Extra"]
[Source "ChessBase"]
[SourceDate "2014.08.29"]
[SourceVersion "1"]
[SourceVersionDate "2014.08.29"]
[SourceQuality "1"]

1. e4 e5 2. f4 d6 3. Nf3 Nc6 4. Bb5 Bd7 5. d4 Nxd4 6. Bxd7+ Qxd7 7. Nxd4 exd4 8. Qxd4 Ne7 9. Nc3 Nc6 10. Qf2 0-0-0 11. 0-0 g6 12. Be3 Bg7 13. Qd2 f5 14. exf5 Qxf5 15. a3 Rhe8 16. Kh1 d5 17. Bg1 d4 18. Ne2 Qb5 19. Rfe1 d3 20. cxd3 Qxb2 21. Ra2 Qxd2 22. Rxd2 Bc3 23. Nxc3 Rxe1 24. h3 Ra1 25. g4 Rxa3 26. Ne4 Rdxd3 27. Rxd3 Rxd3 28. Kg2 Ne7 29. Bc5 Nd5 0-1

[Event "Monte Sabotino op"]
[Site "Torino"]
[Date "2012.12.11"]
[Round "6"]
[White "Vittoria, Giuseppe"]
[Black "Castelli, Giovanni J"]
[Result "0-1"]
[WhiteElo "1634"]
[BlackElo "1800"]
[PlyCount "82"]
[EventDate "2012.11.06"]
[EventType "swiss"]
[EventRounds "7"]
[EventCountry "ITA"]
[SourceTitle "EXT 2015"]
[Source "ChessBase"]
[SourceDate "2014.11.20"]
[SourceVersion "1"]
[SourceVersionDate "2014.11.20"]
[SourceQuality "1"]

1. e4 e5 2. Nf3 Nc6 3. Bb5 a6 4. Ba4 Nf6 5. 0-0 Be7 6. Re1 b5 7. Bb3 d6 8. h3 Na5 9. Nc3 0-0 10. d3 Nxb3 11. axb3 b4 12. Ne2 Bb7 13. Bd2 c5 14. c4 Nh5 15. Kh2 f5 16. exf5 Bxf3 17. gxf3 Bh4 18. Rf1 Bg5 19. Ng3 Bxd2 20. Qxd2 Nf4 21. Ne2 Rxf5 22. Nxf4 Rxf4 23. Qe3 Qf6 24. Rg1 Rxf3 25. Qe4 Rxf2+ 26. Rg2 Qf4+ 27. Qxf4 Rxf4 28. Rag1 Ra7 29. Ra1 Kf7 30. Kg3 Ke6 31. Re1 Raf7 32. Ree2 Rf3+ 33. Kh2 Rxd3 34. Rg3 Rxg3 35. Kxg3 Rf4 36. Re1 Rd4 37. Ra1 Rd3+ 38. Kh4 Rxb3 39. Rxa6 Rxb2 40. Ra7 Kf6 41. Ra6 Rd2 0-1

[Event "Terre degli Elimi op 3rd"]
[Site "Erice"]
[Date "2012.07.25"]
[Round "1"]
[White "Castelli, Giovanni J"]
[Black "Ljubisavljevic, Zivojin Z"]
[Result "0-1"]
[WhiteElo "1805"]
[BlackElo "2247"]
[PlyCount "98"]
[EventDate "2012.07.25"]
[EventType "swiss"]
[EventRounds "7"]
[EventCountry "ITA"]
[SourceTitle "EXT 2013"]
[Source "ChessBase"]
[SourceDate "2012.11.22"]
[SourceVersion "1"]
[SourceVersionDate "2012.11.22"]
[SourceQuality "1"]

1. c4 e5 2. Nc3 f5 3. g3 Nf6 4. Bg2 Bb4 5. Nf3 Bxc3 6. bxc3 Nc6 7. 0-0 0-0 8. d3 d6 9. a4 a5 10. Qb3 Kh8 11. d4 e4 12. Ne1 b6 13. Ba3 Qe8 14. e3 Qh5 15. c5 bxc5 16. dxc5 d5 17. Nc2 Rb8 18. Qa2 Ba6 19. Nd4 Nxd4 20. cxd4 Bxf1 21. Rxf1 c6 22. Bc1 Qf7 23. Bd2 Qa7 24. Rc1 Rb7 25. Bf1 Rfb8 26. Rc2 Rb1 27. Kg2 R1b7 28. h3 g5 29. Be2 h5 30. Bc3 f4 31. Bf1 f3+ 32. Kg1 h4 33. g4 Rb1 34. Rb2 R1xb2 35. Bxb2 Kg7 36. Bc3 Kg6 37. Kh2 Qb7 38. Bxa5 Qb1 39. Qxb1 Rxb1 40. Ba6 Ra1 41. Bb7 Rxa4 42. Bd8 Ra2 43. Bxc6 Rxf2+ 44. Kg1 Re2 45. Bxf6 Kxf6 46. Bxd5 Rxe3 47. Bb7 Ke7 48. Ba6 Rd3 49. Bxd3 exd3 0-1

[Event "Nicolo La Rosa op 18th"]
[Site "Mazara del Vallo"]
[Date "2010.08.21"]
[Round "7"]
[White "Castelli, Giovanni J"]
[Black "Savalla, Gianluca"]
[Result "1-0"]
[WhiteElo "1792"]
[BlackElo "1362"]
[PlyCount "63"]
[EventDate "2010.08.18"]
[EventType "swiss"]
[EventRounds "9"]
[EventCountry "ITA"]
[SourceTitle "EXT 2024"]
[Source "ChessBase"]
[SourceDate "2023.10.10"]
[SourceVersion "1"]
[SourceVersionDate "2023.10.10"]
[SourceQuality "1"]

1. e4 e5 2. f4 d6 3. Nf3 Nc6 4. Bc4 Nf6 5. Nc3 Be7 6. 0-0 Bg4 7. fxe5 dxe5 8. Bb5 0-0 9. Bxc6 bxc6 10. d3 Qd4+ 11. Nxd4 Bxd1 12. Nf5 Bc5+ 13. d4 Bxd4+ 14. Nxd4 exd4 15. Nxd1 Rfe8 16. Nf2 Rab8 17. Re1 h6 18. e5 Nd7 19. Nd3 Rb5 20. Bf4 c5 21. a4 Rb7 22. b3 Re6 23. Kf2 f6 24. exf6 Rxf6 25. Ke2 Rbb6 26. Bxc7 Rbc6 27. Bg3 c4 28. bxc4 Rxc4 29. Kd2 Rfc6 30. Ra2 Kf7 31. Ne5+ Nxe5 32. Rxe5 1-0

[Event "Nicolo La Rosa op 18th"]
[Site "Mazara del Vallo"]
[Date "2010.08.18"]
[Round "2"]
[White "La Bella, Massimiliano"]
[Black "Castelli, Giovanni J"]
[Result "1-0"]
[WhiteElo "1996"]
[BlackElo "1792"]
[PlyCount "81"]
[EventDate "2010.08.18"]
[EventType "swiss"]
[EventRounds "9"]
[EventCountry "ITA"]
[SourceTitle "EXT 2024"]
[Source "ChessBase"]
[SourceDate "2023.10.10"]
[SourceVersion "1"]
[SourceVersionDate "2023.10.10"]
[SourceQuality "1"]

1. a3 e5 2. e4 Nf6 3. Nc3 Nc6 4. Nf3 Be7 5. d4 exd4 6. Nxd4 d6 7. Bc4 0-0 8. 0-0 Bd7 9. Bf4 Nxd4 10. Qxd4 Bc6 11. Nd5 Nxd5 12. exd5 Bf6 13. Qd3 Bd7 14. c3 g6 15. Rae1 Bg7 16. Qd2 Re8 17. Bd3 Rxe1 18. Rxe1 Qf8 19. b4 Re8 20. Be3 a6 21. c4 Qe7 22. Rc1 Qe5 23. Rd1 Bg4 24. Be2 Bxe2 25. Qxe2 h6 26. Qd3 Kh7 27. c5 dxc5 28. bxc5 Rd8 29. g3 Qe7 30. d6 cxd6 31. cxd6 Qe6 32. d7 Be5 33. Qe4 b5 34. Bb6 Qxb6 35. Qxe5 Qe6 36. Qxe6 fxe6 37. Rd6 e5 38. Kg2 Kg7 39. Kf3 Kf7 40. Ke4 Ke7 41. Rxg6 1-0

[Event "Trapani Province-ch"]
[Site "Erice"]
[Date "2010.01.24"]
[Round "3"]
[White "Lo Bosco, Salvatore"]
[Black "Castelli, Giovanni J"]
[Result "0-1"]
[WhiteElo "1639"]
[BlackElo "1782"]
[PlyCount "104"]
[EventDate "2010.01.10"]
[EventType "swiss"]
[EventRounds "6"]
[EventCountry "ITA"]
[SourceTitle "EXT 2024"]
[Source "ChessBase"]
[SourceDate "2023.10.10"]
[SourceVersion "1"]
[SourceVersionDate "2023.10.10"]
[SourceQuality "1"]

1. e4 Nf6 2. e5 Nd5 3. d4 d6 4. c4 Nb6 5. exd6 cxd6 6. Nf3 g6 7. b3 Bg7 8. Bb2 0-0 9. Be2 Nc6 10. 0-0 Bg4 11. h3 Bf5 12. Bd3 Qd7 13. Bxf5 Qxf5 14. Qd2 d5 15. c5 Nd7 16. Re1 Rfe8 17. Na3 a6 18. Rab1 Rad8 19. Nc2 Nf6 20. Ne3 Qh5 21. Qe2 Ne4 22. Nxd5 Ng3 23. fxg3 Qxd5 24. Rbd1 e6 25. Qe4 h6 26. Qxd5 Rxd5 27. a3 Red8 28. b4 Nxd4 29. Nxd4 Bxd4+ 30. Bxd4 Rxd4 31. Rxd4 Rxd4 32. Re3 Rd2 33. Kh2 Kf8 34. g4 Ke7 35. Kg3 f6 36. Kf3 e5 37. Re2 Rd3+ 38. Re3 Rd2 39. Re2 Rd3+ 40. Re3 Rd2 41. Re2 Rxe2 42. Kxe2 Ke6 43. Ke3 Kd5 44. Kd3 f5 45. gxf5 gxf5 46. g3 e4+ 47. Ke3 Kc4 48. a4 h5 49. h4 Kd5 50. Ke2 Kc4 51. b5 Kxc5 52. bxa6 bxa6 0-1

[Event "Trapani Province-ch"]
[Site "Erice"]
[Date "2010.01.11"]
[Round "2"]
[White "Castelli, Giovanni J"]
[Black "Piazza, Dario"]
[Result "1/2-1/2"]
[WhiteElo "1782"]
[BlackElo "1569"]
[PlyCount "105"]
[EventDate "2010.01.10"]
[EventType "swiss"]
[EventRounds "6"]
[EventCountry "ITA"]
[SourceTitle "EXT 2024"]
[Source "ChessBase"]
[SourceDate "2023.10.10"]
[SourceVersion "1"]
[SourceVersionDate "2023.10.10"]
[SourceQuality "1"]

1. e4 e5 2. Nf3 Nc6 3. d4 exd4 4. Bc4 Bb4+ 5. c3 dxc3 6. bxc3 Ba5 7. 0-0 Nge7 8. Ng5 Ne5 9. Nxf7 Nxf7 10. Bxf7+ Kxf7 11. Qh5+ g6 12. Qxa5 b6 13. Qa4 Bb7 14. Bh6 c5 15. Qb3+ d5 16. Rd1 Re8 17. exd5 Nxd5 18. Na3 Qe7 19. Nc2 c4 20. Qxc4 Rac8 21. Qd4 Qe5 22. c4 Nc3 23. Qxe5 Rxe5 24. Rd7+ Re7 25. Rxe7+ Kxe7 26. Ne3 Ba6 27. Nd5+ Nxd5 28. cxd5 Kd6 29. Rd1 Bc4 30. Bf4+ Kd7 31. a3 Bb3 32. Rd3 Bc2 33. Rd2 Rc4 34. g3 Be4 35. Rd1 b5 36. Rc1 Bxd5 37. Rxc4 bxc4 38. Be5 Bf3 39. Kf1 Kc6 40. Ke1 Kb5 41. Kd2 Ka4 42. Bd6 Kb3 43. Bb4 g5 44. h4 h6 45. hxg5 hxg5 46. Bd6 c3+ 47. Kc1 g4 48. Be7 Be4 49. Bd6 Kc4 50. Be5 Kd3 51. Bd6 c2 52. Bb4 Ke2 53. Bc5 1/2-1/2

[Event "Nicolo La Rosa op 17th"]
[Site "Mazara del Vallo"]
[Date "2009.08.09"]
[Round "6"]
[White "Castelli, Giovanni J"]
[Black "Cunati, Valerio"]
[Result "1-0"]
[WhiteElo "1623"]
[BlackElo "1700"]
[PlyCount "105"]
[EventDate "2009.08.07"]
[EventType "swiss"]
[EventRounds "6"]
[EventCountry "ITA"]
[SourceTitle "EXT 2011"]
[Source "ChessBase"]
[SourceDate "2010.11.26"]
[SourceVersion "1"]
[SourceVersionDate "2010.11.26"]
[SourceQuality "1"]

1. e4 c5 2. Nf3 d6 3. d4 cxd4 4. Nxd4 Nf6 5. Nc3 a6 6. Be3 g6 7. f3 Bg7 8. Qd2 Nc6 9. g4 Nxd4 10. Bxd4 0-0 11. 0-0-0 Be6 12. h4 h6 13. g5 hxg5 14. Bxf6 Bxf6 15. hxg5 Bg7 16. Qh2 f5 17. gxf6 Rxf6 18. e5 Rxf3 19. Qh7+ Kf7 20. Ne4 Rf5 21. Bh3 Rc8 22. Rhg1 Rxc2+ 23. Kxc2 Qc8+ 24. Kb1 Bxa2+ 25. Ka1 Qc2 26. Qxg6+ Kf8 27. Qxg7+ Ke8 28. Bxf5 Qa4 29. Bg6+ Bf7+ 30. Kb1 Qa2+ 31. Kc1 Qa1+ 32. Kd2 Qxb2+ 33. Ke3 Qb6+ 34. Kf3 Qb3+ 35. Kg4 Qe6+ 36. Bf5 Qa2 37. Rd2 Qc4 38. Qh8+ Bg8 39. Kh4 Kd8 40. Qxg8+ Qxg8 41. Rxg8+ Kc7 42. Nxd6 exd6 43. Rc8+ Kb6 44. Rxd6+ Ka5 45. Rc1 Kb4 46. Rd4+ Kb5 47. Rb1+ Kc6 48. Bd7+ Kc7 49. Rdb4 Kxd7 50. Rxb7+ Ke6 51. R7b6+ Kd5 52. Rxa6 Kxe5 53. Rb5+ 1-0

[Event "Nicolo La Rosa op 17th"]
[Site "Mazara del Vallo"]
[Date "2009.08.07"]
[Round "1"]
[White "Naumkin, Igor"]
[Black "Castelli, Giovanni J"]
[Result "1-0"]
[WhiteElo "2481"]
[BlackElo "1623"]
[PlyCount "48"]
[EventDate "2009.08.07"]
[EventType "swiss"]
[EventRounds "6"]
[EventCountry "ITA"]
[SourceTitle "EXT 2011"]
[Source "ChessBase"]
[SourceDate "2010.11.26"]
[SourceVersion "1"]
[SourceVersionDate "2010.11.26"]
[SourceQuality "1"]

1. d4 Nf6 2. c4 g6 3. Nc3 Bg7 4. e4 d6 5. Nf3 0-0 6. Be2 e5 7. 0-0 Nc6 8. d5 Ne7 9. b4 a5 10. bxa5 Rxa5 11. a4 Ne8 12. Ba3 f5 13. Bb4 Ra8 14. c5 Nf6 15. Nd2 Kh8 16. cxd6 cxd6 17. Nc4 Nxe4 18. Nxe4 fxe4 19. Nxd6 Qb6 20. Rb1 Bd7 21. Nxe4 Bxa4 22. Bxe7 Bxd1 23. Rxb6 Bxe2 24. Bxf8 Bxf8 1-0

[Event "Nicolo La Rosa op 15th"]
[Site "Mazara del Vallo"]
[Date "2007.08.12"]
[Round "5"]
[White "Alcide, Fabio"]
[Black "Castelli, Giovanni J"]
[Result "1-0"]
[WhiteElo "1595"]
[BlackElo "1476"]
[PlyCount "125"]
[EventDate "2007.08.10"]
[EventType "swiss"]
[EventRounds "6"]
[EventCountry "ITA"]
[SourceTitle "EXT 2011"]
[Source "ChessBase"]
[SourceDate "2010.11.26"]
[SourceVersion "1"]
[SourceVersionDate "2010.11.26"]
[SourceQuality "1"]

1. e4 e5 2. Nf3 Nc6 3. d4 exd4 4. Nxd4 Bc5 5. Nxc6 bxc6 6. Nd2 Qf6 7. Nf3 Ne7 8. Bc4 Qg6 9. Qe2 0-0 10. Nh4 Qf6 11. g3 Re8 12. Qf3 Qxf3 13. Nxf3 d5 14. exd5 Nxd5+ 15. Kf1 Bh3+ 16. Kg1 Bg4 17. Kg2 Nb4 18. c3 Nd5 19. Bd2 Nb6 20. Ba6 Rad8 21. Bf4 Nd5 22. Bd2 Bf5 23. Nd4 Nf6 24. Be3 Be4+ 25. f3 Bd5 26. Bg5 Bxd4 27. cxd4 Rd6 28. Bf4 Rde6 29. Bxc7 c5 30. dxc5 Rxa6 31. Kf2 Rxa2 32. Rxa2 Bxa2 33. Ra1 Rc8 34. Bd6 Bd5 35. Rxa7 Ne8 36. Be7 Nc7 37. b4 Nb5 38. Rd7 Bc6 39. Rd8+ Rxd8 40. Bxd8 Kf8 41. Bb6 Ke7 42. Ke3 Ke6 43. f4 Kd5 44. Kd3 f5 45. Ba5 Ke6 46. Kc4 Kf6 47. Bd8+ Kg6 48. Kd3 Kh5 49. Ke3 Kg4 50. Kf2 Kh3 51. Kg1 Nd4 52. Be7 Nf3+ 53. Kf2 Kxh2 54. b5 Bxb5 55. Kxf3 Kh3 56. Bh4 Bc6+ 57. Ke3 Kg4 58. Kd4 Be4 59. Ke5 Kh5 60. Kd6 Kg6 61. c6 Bxc6 62. Kxc6 h5 63. Kd6 1-0